000 02165cam a22004574i 4500
003 PE-LiUPU
005 20250731173316.0
008 150625s1999 ck r 000 0 spa d
020 _a0825417120
035 _a(Sirsi) i9780825417122
040 _aPE-LiUPU
_bspa
_cPE-LiUPU
_erda
049 _aPRUA
082 0 4 _a221.61
_bR97
_221
100 1 _aRutscheman, Laverne,
_eautor.
245 1 0 _aCaminando por el Antiguo Testamento :
_bguía para el estudio introductorio.
_n2 /
_cLaverne Rutscheman.
250 _a2a edición.
264 1 _aBogotá :
_bEdiciones Clara,
_c1999.
300 _a215 páginas ;
_c27 centímetros
336 _atext
_2rdacontent
337 _aunmediated
_2rdamedia
338 _avolume
_2rdacarrier
505 0 _aIntroducción al Antiguo Testamento -- Introducción a la profecía -- Profetas del siglo octavo: Amós y Oseas -- Profetas del siglo octavo: Isaías y Miqueas -- Profetas del siglo séptimo y principios del siglo sexto: Sofonías, Nahum, Habacuc y Jeremías -- Profetas del período de la cautividad: Abdías y Ezequiel -- Profetas del período persa: Hageo, Zacarías, Malaquías, Joel y Jonás -- Leccura devocional I -- Lectura devocional II.: Salmos y Lamentaciones -- Libros de Sabiduría I: Job y Proverbios -- Libros de sabiduría II: Eclesiastés y Cantares -- libros históricos I: Crónicas, Esdras y Nehemías -- Libros históricosII: Daniel Ruth y Ester.
526 _aSEG42
526 _aSEG41
526 _aSEG40
526 _aSEG39
526 _aP94
526 _aP87
526 _aP86
526 _aP85
526 _aP77
526 _aP76
526 _aP35
541 _g001-0000127;
630 _aBiblia.
_pA.T.
_xIntroducciones.
942 _2ddc
_cBOOK
949 _a221.61 R97 2
_wDEWEY
_c1
_i56426
_lCCODEBUL1
_mBUL
_r0
_sY
_tBOOK
_u2015-6-25
_xTEOLOGIA
_zUNKNOWN
_0COMPRA
_o.STAFF. Colección Teología
994 _aC0
_bPEPRU
596 _a1
999 _a221.61 R97 2
_wDEWEY
_c45670
_i56426
_d45670
_f2021-11-9
_g5
_lCCODEBUL1
_mBUL
_p10.00
_q2
_r0
_sY
_tBOOK
_u2015-6-25
_xTEOLOGIA
_PP35
_0COMPRA
_o.STAFF. Colección Teología
980 _81
_gALBERTO SANCHEZ Responsable de Automatización